<?xml version="1.0" encoding="UTF-8"?>
<collection xmlns="http://www.loc.gov/MARC21/slim">
 <record>
  <leader>01029nam a2200193 a 4500</leader>
  <controlfield tag="001">1/53153</controlfield>
  <controlfield tag="008">210813s2002    sa            100 | eng d</controlfield>
  <datafield tag="040" ind1=" " ind2=" ">
   <subfield code="a">GR-PeUP</subfield>
  </datafield>
  <datafield tag="082" ind1="0" ind2="0">
   <subfield code="a">323.43 NAT</subfield>
  </datafield>
  <datafield tag="111" ind1="2" ind2=" ">
   <subfield code="a">National Conference on Small Arms and Light Weapons in Support of the Implementation of the SADC Protocol on Firearms and Ammunition</subfield>
   <subfield code="n">(1st :</subfield>
   <subfield code="d">2002 :</subfield>
   <subfield code="c">Windhoek, Namibia)</subfield>
  </datafield>
  <datafield tag="245" ind1="1" ind2="0">
   <subfield code="a">Namibia :</subfield>
   <subfield code="b">first National Conference on Small Arms and Light Weapons in Support of the Implementation of the SADC Protocol on Firearms and Ammunition : Windhoek, Namibia, 7-9 October 2002 / </subfield>
   <subfield code="c">compiled by Virginia Gamba.</subfield>
  </datafield>
  <datafield tag="260" ind1=" " ind2=" ">
   <subfield code="a">[Windhoek?] :</subfield>
   <subfield code="b">SaferAfrica,</subfield>
   <subfield code="c">[2002?]</subfield>
  </datafield>
  <datafield tag="300" ind1=" " ind2=" ">
   <subfield code="a">134 σ. ;</subfield>
   <subfield code="c">21 εκ.</subfield>
  </datafield>
  <datafield tag="650" ind1=" " ind2="0">
   <subfield code="a">Gun control</subfield>
   <subfield code="z">Namibia</subfield>
   <subfield code="x">Congresses.</subfield>
  </datafield>
  <datafield tag="650" ind1=" " ind2="0">
   <subfield code="a">Arms control</subfield>
   <subfield code="z">Namibia</subfield>
   <subfield code="x">Congresses.</subfield>
  </datafield>
  <datafield tag="650" ind1=" " ind2="4">
   <subfield code="a">Όπλα, Έλεγχός τους</subfield>
   <subfield code="z">Ναμίμπια</subfield>
   <subfield code="x">Συνέδρια.</subfield>
  </datafield>
  <datafield tag="700" ind1="1" ind2=" ">
   <subfield code="a">Gamba-Stonehouse, Virginia,</subfield>
   <subfield code="d">1954-</subfield>
  </datafield>
  <datafield tag="852" ind1=" " ind2=" ">
   <subfield code="a">INST</subfield>
   <subfield code="b">UNIPILB</subfield>
   <subfield code="c">MAIN</subfield>
   <subfield code="e">20210813</subfield>
   <subfield code="h">323.43 NAT</subfield>
   <subfield code="p">00182064</subfield>
   <subfield code="q">00182064</subfield>
   <subfield code="t">LOAN</subfield>
   <subfield code="y">0</subfield>
   <subfield code="4">1</subfield>
  </datafield>
  <datafield tag="960" ind1=" " ind2=" ">
   <subfield code="a">ΜΑΡΙΑ ΒΕΛ</subfield>
  </datafield>
 </record>
</collection>
